000 00339pam a2200157a 44500
008 230515b1981 xxu||||| |||| 00| 0 eng d
020 _aNULL
041 _aENGLISH
082 _aN
100 _aGUIDE
245 _aMOTOROLA SEMICONDUCTOR MASTER SELECTION
250 _a0
260 _aN
_bN/A
_c1981
300 _a352
650 _aNULL
999 _c651112
_d651112